00695nam a22002417a 4500003000500000005001700005008004100022010001000063011001000073035001000083040000900093082001600102100002300118245003900141260004700180300001900227490004700246650004200293650002800335700002100363700002200384830004700406CHAP20220329140513.0971013s1984 us a r 00010 eng d a52961 a53933 a58083 cCHAP04a632.58bR6800aRosenthal, Sara S.1 aBiological methods of weed control aFresno, Ca. :bThomson Publications,c1984 a88 p.b: ilus. aCalifornia weed conference. Monographv; 114aControl biológico de malas hierbas.14aMalas hierbasxControl.0 aBrunetti, Kathy.0 aMaddox, Donald M.0 aCalifornia weed conference. Monographv; 1